22 सेट्स 20 प्रैक्टिस सेट्स 02 सॉल्वड पेपर्स मध्य प्रदेश पुलिस सब इन्स्पेक्टर ( ) भर्ती परीक्षा -2020 (Record no. 63024)
[ view plain ]
| 000 -LEADER | |
|---|---|
| fixed length control field | 00540nam a22001097a 4500 |
| 082 ## - DEWEY DECIMAL CLASSIFICATION NUMBER | |
| Classification number | 355 |
| 100 ## - MAIN ENTRY--AUTHOR NAME | |
| Personal name | Guider |
| 245 ## - TITLE STATEMENT | |
| Title | 22 सेट्स 20 प्रैक्टिस सेट्स 02 सॉल्वड पेपर्स मध्य प्रदेश पुलिस सब इन्स्पेक्टर ( ) भर्ती परीक्षा -2020 |
| 260 ## - PUBLICATION, DISTRIBUTION, ETC. (IMPRINT) | |
| Place of publication | नई दिल्ली |
| Name of publisher | Guider Competitive Group |
| Year of publication | 2020 |
| 650 ## - SUBJECT ADDED ENTRY--TOPICAL TERM | |
| Topical Term | सेनकि विज्ञान |
| 942 ## - ADDED ENTRY ELEMENTS (KOHA) | |
| Koha item type | Hindi Books |
| Withdrawn status | Lost status | Damaged status | Not for loan | Home library | Current library | Date acquired | Cost, normal purchase price | Full call number | Accession Number | Price effective from | Koha item type |
|---|---|---|---|---|---|---|---|---|---|---|---|
| MACL | MACL | 29/08/2020 | 329.00 | 355 | GCLC00703 | 29/08/2020 | Hindi Books | ||||
| MACL | MACL | 29/08/2020 | 329.00 | 355 | GCLC00704 | 29/08/2020 | Books |









